000 00723nam a22002177a 4500
003 OSt
005 20240924054355.0
008 240924b |||||||| |||| 00| 0 eng d
020 _a9789710445394
040 _aDWCL-main lib.
_cOC
082 _aFil. 800 V145u 2009
100 _aVALDEZ, SUZETTE F.
245 _aUnderstanding literary arts & appreciating literatures of the world /
_cSuzette F. Valdez, Debbie F. Dianco.
260 _aManila :
_bMindshapers Co., Inc.,
_cc2009
300 _axiii, 444 pages ;
_c25 cm.
504 _aIncludes bibliographical references.
650 _aLiterature.
650 _aLiterature
_vCollections
700 _aDianco, Debbie F.
942 _2ddc
_cBK - FIL
_kFil. 800 V145u 2009
_n1
999 _c3073
_d3073